000 00414pab a2200169 454500
008 180718b2011 xxu||||| |||| 00| 0 eng d
100 _aFenton, Christopher
245 _aStrategy as practice and the narrative turn
260 _c2011
300 _ap.1171-1196.
362 _aSep
650 _aInformation theory
700 _aLangley, Ann
773 _aOrganization Studies
908 _aN
909 _a93889
999 _c93889
_d93889